kku e-library facility

Organic Chemistry: International Students Version (Record no. 239)

MARC details
000 -LEADER
fixed length control field 00489nam a22001457a 4500
005 - DATE AND TIME OF LATEST TRANSACTION
control field 20260427115932.0
008 - FIXED-LENGTH DATA ELEMENTS--GENERAL INFORMATION
fixed length control field 260427b |||||||| |||| 00| 0 eng d
020 ## - INTERNATIONAL STANDARD BOOK NUMBER
International Standard Book Number 978-81-265-3687-0
100 ## - MAIN ENTRY--PERSONAL NAME
Personal name Solomons T.W. Graham & Fryhle B. Craig
245 ## - TITLE STATEMENT
Title Organic Chemistry: International Students Version
Statement of responsibility, etc. / T.W. Graham Solomons and Craig B. Fryhle
250 ## - EDITION STATEMENT
Edition statement 10th ed
260 ## - PUBLICATION, DISTRIBUTION, ETC.
Place of publication, distribution, etc. Daryaganj New Delhi;
Name of publisher, distributor, etc. Wiley India Pvt Ltd;
Date of publication, distribution, etc. 2011
300 ## - PHYSICAL DESCRIPTION
Extent xxix,1164p.ill;
Dimensions 23.5cm
942 ## - ADDED ENTRY ELEMENTS (KOHA)
Source of classification or shelving scheme Dewey Decimal Classification
Koha item type Books
Suppress in OPAC No

No items available.

©2025 All rights reserved. KKU